Electronic design with off-the-shelf integrated circuits

Contents: The operational amplifier; Selecting passive components; Designing low noise circuits; Oscillators and waveform generations; Nonlinear applications...

Spremljeno u:
Bibliografski detalji
Glavni autor: Meiksin, Z. H.
Format: Knjiga
Jezik:Undetermined
Izdano: Englewood Cliffs, N.J. Prentice-Hall 1984
Teme:
Oznake: Dodaj oznaku
Bez oznaka, Budi prvi tko označuje ovaj zapis!
Thư viện lưu trữ: Trung tâm Học liệu Trường Đại học Cần Thơ
LEADER 00756nam a2200193Ia 4500
001 CTU_186636
008 210402s9999 xx 000 0 und d
082 |a 621.381 
082 |b M512 
100 |a Meiksin, Z. H. 
245 0 |a Electronic design with off-the-shelf integrated circuits 
245 0 |c Z. H. Meiksin, Philip C. Thackray 
260 |a Englewood Cliffs, N.J. 
260 |b Prentice-Hall 
260 |c 1984 
520 |a Contents: The operational amplifier; Selecting passive components; Designing low noise circuits; Oscillators and waveform generations; Nonlinear applications... 
650 |a Electronic circuit design,Thiết kế mạch điện tử 
904 |i Giang 
980 |a Trung tâm Học liệu Trường Đại học Cần Thơ